44_大分県の市町村(ひらがな対応・五十音順) - Statistics

General Stats
  • This quiz has been taken 43 times
  • The average score is 16 of 18
Answer Stats
種類 市町村名 % Correct
大分市
100%
中津市
96%
日田市
96%
別府市
96%
宇佐市
92%
臼杵市
92%
杵築市
92%
豊後大野市
92%
豊後高田市
92%
由布市
92%
国東市
88%
九重町
88%
竹田市
88%
津久見市
88%
日出町
88%
佐伯市
83%
姫島村
83%
玖珠町
79%
No matching quizzes found
Score Distribution
Percent of People with Each Score
Percentile by Number Answered
Your Score History
You have not taken this quiz